States That Beat a Random U.S. State - Statistics

General Stats
  • This quiz has been taken 3,993 times
  • The average score is 10 of 12
Answer Stats
Rank Category Answer % Correct
Nevada 9 Highest Maximum Elevation Alaska | California | Colorado | Washington | Wyoming | Hawaii | Utah | New Mexico
100%
North Carolina 7 Longest Coastline Alaska | Florida | California | Hawaii | Louisiana | Texas
100%
Washington 10 Highest % Native American Alaska | New Mexico | South Dakota | Oklahoma | Montana | North Dakota | Arizona | Wyoming | Montana
100%
Nevada 9(t) Highest % Native American Alaska | New Mexico | South Dakota | Oklahoma | Montana | North Dakota | Arizona | Wyoming | Washington(t)
100%
Vermont 7 Coldest Average Temperature Alaska | North Dakota | Maine | Minnesota | Wyoming | Montana
100%
Wisconsin 8 Coldest Average Temperature Alaska | North Dakota | Minnesota | Maine | Wyoming | Montana | Vermont
100%
Arizona 6 Largest by Area Alaska | Texas | California | Montana | New Mexico
100%
Nevada 7 Largest by Area Alaska | Texas | California | Montana | New Mexico | Arizona
100%
Wyoming 9 Largest by Land Area Alaska | Texas | California | Montana | New Mexico | Arizona | Nevada | Colorado
100%
Oregon 10 Largest by Land Area Alaska | Texas | California | Montana | New Mexico | Arizona | Nevada | Colorado | Wyoming
100%
Missouri 10 Most Snake Species Arizona | Texas | Alabama | California | New Mexico | Georgia | Oklahoma | Mississippi | South Carolina
100%
Georgia 8 Largest Unsheltered Homeless Population California | Florida | Texas | Oregon | Washington | Arizona | New York
100%
Nevada 9 Largest Unsheltered Homeless Population California | Florida | Texas | Oregon | Washington | Arizona | New York | Georgia
100%
Hawaii 6 Highest % Immigrants California | New Jersey | New York | Florida | Nevada
100%
Arizona 5 Most Visited National Parks (Combined) California | Tennessee | North Carolina | Utah
100%
Arizona 6 Total # of Hispanics California | Texas | Florida | New York | Illinois
100%
Georgia 8 Most Populous California | Texas | Florida | New York | Pennsylvania | Illinois | Ohio
100%
Arizona 4 Most Populous West of the Mississippi River California | Texas | Washington
100%
Oregon 9 Most Rectangular Colorado | Wyoming | Kansas | North Dakota | New Mexico | Pennsylvania | South Dakota | Utah
100%
Missouri 10 Lowest Maximum Elevation Florida | Delaware | Louisiana | Mississippi | Rhode Island | Illinois | Indiana | Ohio | Iowa
100%
Maine 7 Largest Island by Area Hawaii | Alaska | New York | Texas | Michigan | Washington
100%
Idaho 10 Fewest Counties (West of the Mississippi River) Hawaii | Arizona | Nevada | Wyoming | Alaska | Utah | New Mexico | Oregon | Washington
100%
Georgia 7 Most Endangered Species Hawaii | California | Florida | Alabama | Texas | Tennessee
100%
North Carolina 9 Most Endangered Species Hawaii | California | Florida | Alabama | Texas | Tennessee | Georgia | Virginia
100%
Georgia 7 Lowest % White Hawaii | California | New Mexico | Texas | Nevada | Maryland
100%
Tennessee 10 Highest % Employed in Manufacturing Indiana | Michigan | Wisconsin | Iowa | Ohio | Arkansas | Alabama | Kentucky | South Carolina
100%
Missouri 9 Most Corn Production Iowa | Illinois | Nebraska | Minnesota | Indiana | Kansas | South Dakota | Ohio
100%
New York 10 Highest % Forested Maine | New Hampshire | West Virginia | Vermont | Alabama | South Carolina | Georgia | Mississippi | Virginia
100%
North Dakota 9 Highest % White Maine | Vermont | West Virginia | New Hampshire | Montana | Iowa | Kentucky | Wyoming
100%
Idaho 10 Highest % White Maine | Vermont | West Virginia | New Hampshire | Montana | Iowa | Kentucky | Wyoming | North Dakota
100%
Virginia 10 Highest Median Income Maryland | New Jersey | Hawaii | Massachusetts | Connecticut | California | New Hampshire | Alaska | Washington
100%
North Carolina 7 Largest State East of the Mississippi River Michigan | Florida | Wisconsin | Georgia | Illinois | New York
100%
Idaho 10 Fastest Growing (1960-2019) Nevada | Arizona | Florida | Alaska | Utah | Colorado | Texas | Georgia | Washington
100%
Florida 8 Highest Population Density New Jersey | Rhode Island | Massachusetts | Connecticut | Maryland | Delaware | New York
100%
Ohio 10 Highest Population Density New Jersey | Rhode Island | Massachusetts | Connecticut | Maryland | Delaware | New York | Florida | Pennsylvania
100%
Florida 6 Highest % Hispanic New Mexico | Texas | California | Arizona | Nevada
100%
Illinois 10 Highest % Hispanic New Mexico | Texas | California | Arizona | Nevada | Florida | Colorado | New Jersey | New York
100%
Rhode Island 10 Least Happy New York | Connecticut | New Jersey | Michigan | Indiana | California | Illinois | Ohio | Massachusetts
100%
Hawaii 5 Most International Tourists (2018) New York | Florida | California | Nevada
100%
North Carolina 10 Tallest Building New York | Illinois | Pennsylvania | California | Georgia | Texas | Ohio | Washington | New Jersey
100%
Georgia 7 Longest Average Commute New York | Maryland | New Jersey | Massachusetts | California | Illinois
100%
Vermont 6 Smallest by Area Rhode Island | Delaware | Connecticut | New Jersey | New Hampshire
100%
Massachusetts 7 Smallest by Area Rhode Island | Delaware | Connecticut | New Jersey | New Hampshire | Vermont
100%
Hawaii 8 Smallest by Area Rhode Island | Delaware | Connecticut | New Jersey | New Hampshire | Vermont | Massachusetts
100%
Maryland 9 Smallest by Area Rhode Island | Delaware | Connecticut | New Jersey | New Hampshire | Vermont | Massachusetts | Hawaii
100%
California 7 Highest % Catholic Rhode Island | Massachusetts | New Jersey | New Mexico | New York | Connecticut
100%
North Carolina 8 Most Counties Texas | Georgia | Virginia | Kentucky | Missouri | Kansas | Illinois
100%
Alabama 9 Most Tornadoes Texas | Kansas | Oklahoma | Nebraska | Florida | Illinois | Colorado | Iowa
100%
Missouri 10 Most Tornadoes Texas | Kansas | Oklahoma | Nebraska | Florida | Illinois | Colorado | Iowa | Alabama
100%
Montana 5 Longest Border With Another State Texas | Oklahoma | California | Nevada
100%
South Carolina 9(t) Most Executions Texas | Virginia | Oklahoma | Florida | Missouri | Georgia | Alabama | Ohio | North Carolina(t)
100%
Arizona 4 Total # of Mormons Utah | California | Idaho
100%
Georgia 8(t) Youngest Median Age Utah | Texas | Alaska | North Dakota | California | Oklahoma | Nebraska | Idaho(t)
100%
Montana 6 Least Populous State Capital Vermont | South Dakota | Maine | Kentucky | Alaska
100%
Hawaii 8 Oldest National Park Wyoming | California | Washington | Oregon | South Dakota | Colorado | Montana
100%
Rhode Island 7 Least Populated Wyoming | Vermont | Alaska | North Dakota | South Dakota | Delaware
100%
Maine 9 Least Populated Wyoming | Vermont | Alaska | North Dakota | South Dakota | Delaware | Rhode Island | Montana
100%
New Hampshire 10 Least Populous Wyoming | Vermont | Alaska | North Dakota | South Dakota | Delaware | Rhode Island | Montana | Maine
100%
Maine 10 Oldest National Park Wyoming | Washington | Oregon | South Dakota | Montana | Colorado | Hawaii | California | Alaska
100%
Indiana 7 Most Coal Production Wyoming | West Virginia | Pennsylvania | Illinois | Kentucky | Montana
100%
Nevada 9 Lowest Population Density Alaska | Wyoming | Montana | North Dakota | South Dakota | New Mexico | Idaho | Nebraska
98%
Nevada 10 Fewest Counties Delaware | Hawaii | Rhode Island | Connecticut | New Hampshire | Massachusetts | Vermont | Arizona | Maine
98%
Arizona 7 Highest % Native American Alaska | New Mexico | South Dakota | Oklahoma | Montana | North Dakota
97%
Hawaii 4 Tallest Volcano Alaska | Washington | California
97%
Arizona 3 Most Recent Date of Admission Hawaii | Alaska
97%
Maryland 9 Highest % Asian Hawaii | California | New Jersey | Washington | New York | Nevada | Massachusetts | Virginia
97%
New Jersey 10 Lowest % White Hawaii | California | New Mexico | Texas | Nevada | Maryland | Georgia | Florida | Arizona
97%
Indiana 5 Most Corn Production Iowa | Illinois | Nebraska | Minnesota
97%
Maryland 10 Most Lighthouses Michigan | Massachusetts | Maine | New York | Wisconsin | California | Florida | Washington | Rhode Island
97%
South Dakota 10 Least Precipitation Nevada | Utah | Wyoming | Arizona | New Mexico | Montana | Colorado | North Dakota | Idaho
97%
New Jersey 10 Most International Tourists New York | Florida | California | Nevada | Hawaii | Texas | Massachusetts | Illinois | Arizona
97%
Florida 6 Highest % Jewish New York | New Jersey | Massachusetts | Maryland | Connecticut
97%
Indiana 10 Lowest % With a College Degree West Virginia | Mississippi | Arkansas | Louisiana | Kentucky | Nevada | Alabama | Oklahoma | Wyoming
97%
Arizona 9 Newest National Park West Virginia | New Mexico | Indiana | Missouri | California | Colorado | South Carolina | Ohio
97%
Maine 3 Longest Canadian Border Alaska | Michigan
96%
New Hampshire 9(t) Coldest Average Temperature Alaska | North Dakota | Maine | Minnesota | Wyoming | Montana | Vermont | Idaho | Wisconsin(t)
96%
Maine 4 Coldest Average Temperature Alaska | North Dakota | Minnesota
96%
New Mexico 5 Largest by Area Alaska | Texas | California | Montana
96%
North Dakota 4 Lowest Population Density Alaska | Wyoming | Montana
96%
New Mexico 6 Lowest Population Density Alaska | Wyoming | Montana | North Dakota | South Dakota
96%
Kansas 10 Lowest Population Density Alaska | Wyoming | Montana | North Dakota | South Dakota | New Mexico | Idaho | Nebraska | Nevada
96%
Kansas 6 Hottest Record High Temperature California | Arizona | Nevada | New Mexico | North Dakota
96%
Washington 5 Largest Unsheltered Homeless Population California | Florida | Texas | Oregon
96%
Illinois 6 Highest Population California | Texas | Florida | New York | Pennsylvania
96%
North Carolina 7 Most Populous State East of the Mississippi River Florida | New York | Pennsylvania | Illinois | Ohio | Georgia
96%
Washington 9 Most Recent Date of Admission Hawaii | Alaska | Arizona | New Mexico | Oklahoma | Utah | Wyoming | Idaho
96%
Washington 5 Highest Average Rent Hawaii | California | Maryland | New Jersey
96%
Kansas 7 Highest Corn Production Iowa | Illinois | Nebraska | Minnesota | Indiana | South Dakota
96%
Ohio 8 Most Corn Grown Iowa | Illinois | Nebraska | Minnesota | Indiana | South Dakota | Kansas
96%
Rhode Island 3 Easternmost State Capital Maine | Massachusetts
96%
Rhode Island 10 Oldest Median Age Maine | Vermont | New Hampshire | West Virginia | Florida | Connecticut | Delaware | Pennsylvania | Montana
96%
Rhode Island 7(t) Longest Name (Not Including Spaces) Massachusetts | North Carolina | South Carolina | New Hampshire | Pennsylvania | West Virginia | Connecticut(t) | Mississippi(t) | North Dakota(t) | South Dakota(t)
96%
Rhode Island 8 Most Lighthouses Michigan | Massachusetts | Maine | New York | Wisconsin | California | Florida
96%
Washington 8 Most Lighthouses Michigan | Massachusetts | Maine | New York | Wisconsin | California | Florida
96%
Kansas 9 Largest Landlocked State (by Land Area) Montana | New Mexico | Arizona | Nevada | Colorado | Wyoming | Idaho | Utah
96%
Illinois 8 Most International Tourists New York | Florida | California | Nevada | Hawaii | Texas | Massachusetts
96%
Washington 9 Longest Average Commute New York | Maryland | New Jersey | Massachusetts | California | Illinois | Georgia | Virginia
96%
West Virginia 7 Highest Point East of the Mississippi River North Carolina | Tennessee | New Hampshire | Virginia | New York | Maine
96%
New Hampshire 5 Smallest by Area Rhode Island | Delaware | Connecticut | New Jersey
96%
North Carolina 4 Most Populous Southern State Texas | Florida | Georgia
96%
Kansas 6 Most Counties Texas | Georgia | Virginia | Kentucky | Missouri
96%
North Carolina 5 Longest Portion of the Appalachian Trail Virginia | Tennessee | Maine | Pennsylvania
96%
North Dakota 4 Least Populous Wyoming | Vermont | Alaska
96%
South Carolina 10 Most Religious Alabama | Louisiana | Mississippi | Tennessee | Oklahoma | Texas | Arkansas | Kentucky | West Virginia
95%
Idaho 6 Record Coldest Temperature Alaska | Montana | Utah | Wyoming | Colorado
95%
Wyoming 8 Highest % Native American Alaska | New Mexico | South Dakota | Oklahoma | Montana | North Dakota | Arizona
95%
Idaho 8 Coldest Average Temperature Alaska | North Dakota | Maine | Minnesota | Wyoming | Montana | Vermont
95%
Colorado 8 Largest by Area Alaska | Texas | California | Montana | New Mexico | Arizona | Nevada
95%
Idaho 7 Lowest Population Density Alaska | Wyoming | Montana | North Dakota | South Dakota | New Mexico
95%
Oklahoma 8 Most Populous State Capital (City Limits) Arizona | Texas | Ohio | Indiana | Colorado | Massachusetts | Tennessee
95%
Colorado 9 Most Solar Power California | Arizona | North Carolina | New Jersey | Nevada | Massachusetts | New York | Hawaii
95%
Idaho 7 Largest Landlocked State (by Land Area) Montana | New Mexico | Arizona | Nevada | Colorado | Wyoming
95%
South Carolina 8 Warmest Average Temperature Florida | Hawaii | Louisiana | Texas | Georgia | Mississippi | Alabama
95%
Idaho 8 Most Recent Date of Admission Hawaii | Alaska | Arizona | New Mexico | Oklahoma | Utah | Wyoming
95%
Colorado 7 Highest Rent Hawaii | California | Maryland | New Jersey | Washington | Massachusetts
95%
Virginia 8 Highest % Asian Hawaii | California | New Jersey | Washington | New York | Nevada | Massachusetts
95%
South Carolina 4 Easternmost National Park Maine | Virginia | Florida
95%
Tennessee 8 Easternmost National Park Maine | Virginia | Florida | South Carolina | West Virginia | Ohio | North Carolina
95%
Virginia 4 Closest State Capital to Washington D.C. Maryland | Delaware | Pennsylvania
95%
Vermont 7 Highest % With a College Degree Massachusetts | Colorado | New Jersey | Maryland | Connecticut | Virginia
95%
South Carolina 6 Highest % African-American Mississippi | Louisiana | Georgia | Maryland | Alabama
95%
Virginia 9 Highest % African-American Mississippi | Louisiana | Georgia | Maryland | Alabama | South Carolina | Delaware | North Carolina
95%
Tennessee 10 Highest % African-American Mississippi | Louisiana | Georgia | Maryland | Alabama | South Carolina | Delaware | North Carolina | Virginia
95%
Idaho 9 Least Precipitation Nevada | Utah | Wyoming | Arizona | New Mexico | Montana | Colorado | North Dakota
95%
Wisconsin 10 Densest County by Population Density New York | California | New Jersey | Massachusetts | Pennsylvania | Virginia | Maryland | Illinois | Missouri
95%
Vermont 9 Highest Point East of the Mississippi River North Carolina | Tennessee | New Hampshire | Virginia | New York | Maine | West Virginia | Georgia
95%
Tennessee 10 Most Counties Texas | Georgia | Virginia | Kentucky | Missouri | Kansas | Illinois | North Carolina | Iowa
95%
Colorado 7 Most Tornadoes Texas | Kansas | Oklahoma | Nebraska | Florida | Illinois
95%
Idaho 8 Youngest Median Age Utah | Alaska | Texas | North Dakota | Nebraska | Oklahoma | California
95%
Colorado 10 Youngest Median Age Utah | Texas | Alaska | North Dakota | California | Oklahoma | Nebraska | Georgia | Idaho
95%
Tennessee 6(t) Lowest Life Expectancy West Virginia | Mississippi | Alabama | Kentucky | Arkansas | Oklahoma(t)
95%
South Carolina 9 Poorest by Median Income West Virginia | Mississippi | Arkansas | New Mexico | Louisiana | Alabama | Kentucky | Oklahoma
95%
Virginia 5 Last Alphabetically Wyoming | Wisconsin | West Virginia | Washington
95%
Utah 7 Last Alphabetically Wyoming | Wisconsin | West Virginia | Washington | Virginia | Vermont
95%
Hawaii 2 Closest to Japan Alaska
94%
Georgia 4(t) Most Venomous Snake Species Arizona | Texas | Alabama | California(t) | New Mexico(t) | Oklahoma(t)
94%
Arizona 2 Highest Record Temperature California
94%
Florida 3 Largest Population California | Texas
94%
Florida 2 Southernmost Hawaii
94%
Maryland 10 Most Expensive Median Home Price Hawaii | California | Massachusetts | Washington | Colorado | Oregon | Utah | New Jersey | New York
94%
Georgia 7 Highest Average Precipitation Hawaii | Louisiana | Mississippi | Alabama | Florida | Tennessee
94%
Indiana 6 Closest State Capital to the Great Lakes Michigan | Wisconsin | Ohio | Minnesota | New York
94%
Georgia 8 Shortest Ocean Coastline New Hampshire | Delaware | Maryland | Rhode Island | Mississippi | Alabama | Connecticut
94%
Maryland 5 Highest Population Density New Jersey | Rhode Island | Massachusetts | Connecticut
94%
New Jersey 8 Highest % Hispanic New Mexico | Texas | California | Arizona | Nevada | Florida | Colorado
94%
Maryland 5 Highest % of Residents Commuting Using Public Transit New York | New Jersey | Massachusetts | Illinois
94%
Indiana 9 Lowest % Forested North Dakota | Nebraska | South Dakota | Kansas | Iowa | Illinois | Nevada | Wyoming
94%
New Jersey 4 Smallest by Area Rhode Island | Delaware | Connecticut
94%
Florida 4 Most Tornadoes Texas | Kansas | Oklahoma
94%
Iowa 8 Most Tornadoes Texas | Kansas | Oklahoma | Nebraska | Florida | Illinois | Colorado
94%
Indiana 6 Earliest to Join the Union (Not Including the 13 Colonies) Vermont | Kentucky | Tennessee | Ohio | Louisiana
94%
Maryland 8 Least Populous State Capital Vermont | South Dakota | Maine | Kentucky | Montana | Alaska | Delaware
94%
Washington 4 Highest Maximum Elevation Alaska | California | Colorado
93%
Nevada 5 Most Solar Power California | Arizona | North Carolina | New Jersey
93%
Washington 4 Highest % Asian Hawaii | California | New Jersey
93%
Nevada 6 Highest % Asian Hawaii | California | New Jersey | Washington | New York
93%
New Hampshire 9 Highest % With a College Degree Massachusetts | Colorado | New Jersey | Maryland | Connecticut | Virginia | Vermont | New York
93%
Illinois 6 Longest Average Commute New York | Maryland | New Jersey | Massachusetts | California
93%
Illinois 6 Most Tornadoes Texas | Kansas | Oklahoma | Nebraska | Florida
93%
North Dakota 2 Coldest Average Temperature Alaska
92%
North Dakota 9 Highest Gun Ownership Rate Alaska | Arkansas | Idaho | West Virginia | Wyoming | Montana | New Mexico | Alabama
92%
New Mexico 8 Highest Maximum Elevation Alaska | California | Colorado | Washington | Wyoming | Hawaii | Utah
92%
North Dakota 6 Highest % Native American Alaska | New Mexico | South Dakota | Oklahoma | Montana
92%
New York 4 Largest Population California | Texas | Florida
92%
North Dakota 4 Most Rectangular Colorado | Wyoming | Kansas
92%
New Mexico 5 Most Rectangular Colorado | Wyoming | Kansas | North Dakota
92%
Maryland 4 Highest % With a College Degree Massachusetts | Colorado | New Jersey
92%
Maryland 4 Highest % African-American Mississippi | Louisiana | Georgia
92%
Missouri 9 Highest % Obese Mississippi | West Virginia | Arkansas | Louisiana | Kentucky | Alabama | Iowa | North Dakota
92%
Missouri 5 Most Counties Texas | Georgia | Virginia | Kentucky
92%
Missouri 5 Most Executions Texas | Virginia | Oklahoma | Florida
92%
Montana 4 Largest Land Area Alaska | Texas | California
91%
Maine 4 Closest State Capital to Canada Alaska | Vermont | Michigan
91%
Montana 3 Lowest Population Density Alaska | Wyoming
91%
South Carolina 8(t) Most Venomous Snake Species Arizona | Texas | Alabama | California | New Mexico | Georgia | Oklahoma | Mississippi(t)
91%
Arizona 3 Total # of Native Americans California | Oklahoma
91%
Montana 5 Highest Low Point Colorado | Wyoming | New Mexico | Utah
91%
Alabama 7 Highest Average Temperature Florida | Hawaii | Louisiana | Texas | Georgia | Mississippi
91%
Tennessee 9 Highest Net Migration (2018-2019) Florida | Texas | Arizona | North Carolina | South Carolina | Georgia | Nevada | Washington
91%
Virginia 8 Most Endangered Species Hawaii | California | Florida | Alabama | Texas | Tennessee | Georgia
91%
Nevada 5 Lowest % White Hawaii | California | New Mexico | Texas
91%
New Jersey 8(t) Highest Life Expectancy Hawaii | California | New York | Minnesota | Connecticut | Massachusetts | Colorado | Washington(t)
91%
West Virginia 10 Highest % Born in State Louisiana | Michigan | Ohio | Mississippi | Pennsylvania | Wisconsin | Iowa | Alabama | Kentucky
91%
Virginia 2 Easternmost National Park Maine
91%
Montana 6 % of Population Over 65 Years Maine | Florida | West Virginia | Vermont | Delaware
91%
Virginia 10 Highest % Forested Maine | New Hampshire | West Virginia | Vermont | Alabama | South Carolina | Georgia | Mississippi | New York
91%
Idaho 5 Fewest Murders Per Capita Maine | Vermont | Iowa | South Dakota
91%
Virginia 6 Highest % With a College Degree Massachusetts | Colorado | New Jersey | Maryland | Connecticut
91%
Virginia 8 Longest Average Commute New York | Maryland | New Jersey | Massachusetts | California | Illinois | Georgia
91%
Virginia 3 Most Counties or County Equivalents Texas | Georgia
91%
Virginia 3 Coastal State That Reaches Farthest Inland Texas | Oregon
91%
Tennessee 7 Fastest Growing Metro Area Over 500,000 Texas | Utah | Florida | North Carolina | Arkansas | Idaho
91%
Alabama 7 Most Executions Texas | Virginia | Oklahoma | Florida | Missouri | Georgia
91%
North Carolina 7 Most Apples Grown Washington | New York | Michigan | Pennsylvania | California | Virginia
91%
South Carolina 10(t) Lowest Average Life Expectancy West Virginia | Mississippi | Alabama | Kentucky | Arkansas | Tennessee | Oklahoma | Louisiana | Ohio | Indiana(t)
91%
Tennessee 10 Poorest by Median Income West Virginia | Mississippi | Arkansas | New Mexico | Louisiana | Alabama | Kentucky | Oklahoma | South Carolina
91%
Alabama 10 Highest Coal Production Wyoming | West Virginia | Pennsylvania | Illinois | Kentucky | Montana | Indiana | North Dakota | Texas
91%
Colorado 3 Highest Maximum Elevation Alaska | California
90%
Utah 7 Highest Maximum Elevation Alaska | California | Colorado | Washington | Wyoming | Hawaii
90%
Texas 4 Highest Recorded Temperature California | Arizona | Nevada
90%
South Dakota 7 Most Rectangular Colorado | Wyoming | Kansas | North Dakota | New Mexico | Pennsylvania
90%
Utah 8 Most Rectangular Colorado | Wyoming | Kansas | North Dakota | New Mexico | Pennsylvania | South Dakota
90%
Utah 6 Most Recent Date of Admission Hawaii | Alaska | Arizona | New Mexico | Oklahoma
90%
Colorado 5 Most Expensive Median Home Price Hawaii | California | Massachusetts | Washington
90%
Colorado 7 Highest Life Expectancy Hawaii | California | New York | Minnesota | Connecticut | Massachusetts
90%
Florida 5 Highest Average Precipitation Hawaii | Louisiana | Mississippi | Alabama
90%
South Dakota 7 Most Corn Production Iowa | Illinois | Nebraska | Minnesota | Indiana | Kansas
90%
Utah 8 Fewest Murders Per Capita Maine | Vermont | Iowa | South Dakota | Idaho | Minnesota | Massachusetts
90%
South Dakota 10 Smallest National Park by Area Missouri | Arkansas | West Virginia | Indiana | South Carolina | California | Colorado | Ohio | Hawaii
90%
Hawaii 8 Lowest % African American Montana | Idaho | Wyoming | Vermont | Utah | Maine | New Hampshire
90%
Colorado 6 Fastest Growing (1960-2019) Nevada | Arizona | Utah | Alaska | Florida
90%
Utah 8 Highest % Population in 1 County Nevada | Hawaii | Arizona | Rhode Island | Delaware | Alaska | Illinois
90%
Texas 5 First Capital City Alphabetically New York | Maryland | Georgia | Maine
90%
South Dakota 7 Earliest Created National Park Wyoming | Montana | Idaho | California | Washington | Oregon
90%
South Dakota 9 Largest Margin of Victory for Trump in 2020 Wyoming | West Virginia | Oklahoma | North Dakota | Idaho | Arkansas | Kentucky | Alabama
90%
California 3 Largest by Area Alaska | Texas
89%
Vermont 8 Lowest % Obese Colorado | Hawaii | Massachusetts | New Jersey | California | Montana | Connecticut
89%
New Hampshire 5 Lowest Gun Ownership Rate Delaware | Rhode Island | New York | New Jersey
89%
Rhode Island 5 Lowest Maximum Point Florida | Delaware | Louisiana | Mississippi
89%
Georgia 5 Hottest Average Temperature Florida | Hawaii | Louisiana | Texas
89%
Alaska 2 Most Recent Date of Admission Hawaii
89%
Maryland 6 Lowest % White Hawaii | California | New Mexico | Texas | Nevada
89%
Washington 8 Highest Life Expectancy Hawaii | California | New York | Minnesota | Connecticut | Massachusetts | Colorado
89%
Connecticut 9(t) Most Precipitation Hawaii | Louisiana | Mississippi | Alabama | Florida | Tennessee | Georgia | Arkansas | North Carolina(t)
89%
Vermont 3 Shortest Border With Canada Idaho | New Hampshire
89%
Wisconsin 10 Most Corn Production Iowa | Illinois | Nebraska | Minnesota | Indiana | Kansas | South Dakota | Ohio | Missouri
89%
Georgia 7 Highest % Forested Maine | New Hampshire | West Virginia | Vermont | Alabama | South Carolina
89%
New Hampshire 4 Highest % White Maine | Vermont | West Virginia
89%
California 5 Earliest Date of Admission West of the Mississippi River Missouri | Arkansas | Texas | Iowa
89%
Rhode Island 8 Highest Personal Income Tax New York | Hawaii | Vermont | Maine | Minnesota | Connecticut | New Jersey
89%
Washington 7 Fewest Traffic Deaths Per Capita New York | Massachusetts | Minnesota | New Jersey | Hawaii | New Hampshire
89%
New Hampshire 4 Longest Segment of the Appalachian Trail Pennsylvania | Maine | Virginia
89%
New Hampshire 9(t) Highest % Catholic Rhode Island | Massachusetts | New Jersey | New Mexico | Connecticut | New York | California | Illinois | Louisiana(t) | North Dakota(t)
89%
Vermont 5 Longest Portion of the Appalachian Trail Virginia | Maine | Pennsylvania | New Hampshire
89%
Oklahoma 7 Lowest Life Expectancy West Virginia | Mississippi | Alabama | Kentucky | Arkansas | Tennessee
89%
Oklahoma 8 Lowest % With a College Degree West Virginia | Mississippi | Arkansas | Louisiana | Kentucky | Nevada | Alabama
89%
Rhode Island 7 Slowest Growing (1960-2019) West Virginia | Pennsylvania | Iowa | New York | Ohio | North Dakota
89%
California 4 Oldest National Park Wyoming | Montana | Idaho
89%
Nevada 5 Largest Span Between Highest and Lowest Points Alaska | California | Washington | Hawaii
88%
Ohio 7 Highest Population California | Texas | Florida | New York | Pennsylvania | Illinois
88%
Nevada 5 Highest Mean Elevation Colorado | Wyoming | Utah | New Mexico
88%
Ohio 7 Lowest Gun Ownership Rate Delaware | Rhode Island | New York | New Jersey | New Hampshire | Connecticut
88%
New Jersey 3 Highest % Asian Hawaii | California
88%
Kansas 9 Earliest Date of Admission West of the Mississippi River Louisiana | Missouri | Arkansas | Texas | Iowa | California | Minnesota | Oregon
88%
Ohio 4 Longest Great Lakes Coastline Michigan | New York | Wisconsin
88%
Kansas 4 Highest % of Area Being Ranchland of Farmland Nebraska | South Dakota | North Dakota
88%
New York 7 Highest Population Density New Jersey | Rhode Island | Massachusetts | Connecticut | Delaware | Maryland
88%
Arizona 9 Most Prisoners Per Capita Oklahoma | Louisiana | Mississippi | Georgia | Kentucky | Arkansas | Alabama | Texas
88%
Kansas 2 Most Tornadoes Texas
88%
Ohio 8 Most Executions Texas | Virginia | Oklahoma | Florida | Missouri | Georgia | Alabama
88%
New Mexico 10 Most Populous State Without a NFL, MLB, NBA, or NHL Team Virginia | South Carolina | Alabama | Kentucky | Connecticut | Iowa | Arkansas | Mississippi | Kansas
88%
Kansas 8 Highest % German Wisconsin | North Dakota | South Dakota | Iowa | Nebraska | Minnesota | Montana
88%
Kansas 3 Most Rectangular Wyoming | Colorado
88%
North Dakota 8 Highest Coal Production Wyoming | West Virginia | Pennsylvania | Illinois | Kentucky | Montana | Indiana
88%
North Carolina 3 Most Solar Power California | Arizona
87%
Maine 3 Fewest State Borders Hawaii | Alaska
87%
Oregon 6 Highest Median Home Price Hawaii | California | Massachusetts | Washington | Colorado
87%
Texas 3 Southernmost Point Hawaii | Florida
87%
Alabama 8 Highest % of Residents born in State Louisiana | Michigan | Ohio | Mississippi | Pennsylvania | Wisconsin | Iowa
87%
Oregon 9 Highest % Born Out of State Nevada | Florida | Arizona | New Hampshire | Alaska | Colorado
87%
Florida 4 Most Executions Texas | Virginia | Oklahoma
87%
Massachusetts 4 Birthplace of the Most U.S. Presidents Virginia | Ohio | New York
87%
Alabama 7 Least Educated (% with a College Degree) West Virginia | Mississippi | Arkansas | Louisiana | Kentucky | Nevada
87%
Maine 5 Most Recent Date of Admission East of the Mississippi River West Virginia | Wisconsin | Florida | Michigan
87%
Oregon 6 Oldest National Park Wyoming | Montana | Idaho | California | Washington
87%
South Dakota 5 Lowest Population Wyoming | Vermont | Alaska | North Dakota
87%
Tennessee 3(t) Highest % Religious Alabama | Louisiana | Mississippi(t)
86%
Wyoming 5 Highest Point Alaska | California | Colorado | Washington
86%
Wyoming 5 Coldest Average Temperature Alaska | North Dakota | Maine | Minnesota
86%
Colorado 5 Most Populous State Capital (City Limits) Arizona | Texas | Ohio | Indiana
86%
Wyoming 7 Most Recent Date of Admission Hawaii | Alaska | Arizona | New Mexico | Oklahoma | Utah
86%
Utah 6 Fewest Counties West of the Mississippi River Hawaii | Arizona | Nevada | Wyoming | Alaska
86%
Tennessee 6 Most Endangered Species Hawaii | California | Florida | Alabama | Texas
86%
Tennessee 6 Most Precipitation Hawaii | Louisiana | Mississippi | Alabama | Florida
86%
South Carolina 9 Highest % Employed in Manufacturing Indiana | Michigan | Wisconsin | Iowa | Ohio | Arkansas | Alabama | Kentucky
86%
South Carolina 6 Highest % Forested Maine | New Hampshire | West Virginia | Vermont | Alabama
86%
Wyoming 8 Highest % White Maine | Vermont | West Virginia | New Hampshire | Montana | Iowa | Kentucky
86%
California 6 Highest Median Income Maryland | New Jersey | Hawaii | Massachusetts | Connecticut
86%
South Carolina 7 Oldest State Capital New Mexico | Massachusetts | Maryland | Delaware | Virginia | New Jersey
86%
Illinois 7(t) Highest % Catholic Rhode Island | Massachusetts | New Jersey | New Mexico | Connecticut | New York | California(t)
86%
Illinois 7 Most Counties Texas | Georgia | Virginia | Kentucky | Missouri | Kansas
86%
Tennessee 6 Smallest Landlocked State by Area Vermont | West Virginia | Indiana | Kentucky | Ohio
86%
Wyoming 10 Highest % German Wisconsin | North Dakota | South Dakota | Iowa | Nebraska | Minnesota | Montana | Kansas | Ohio
86%
Washington 3 Largest Difference Between Highest and Lowest Points Alaska | California
85%
Connecticut 7 Lowest Obesity Rate Colorado | Hawaii | Massachusetts | New Jersey | California | Montana
85%
New Mexico 4 Most Recent Date of Admission Hawaii | Alaska | Arizona
85%
New Hampshire 7 Richest by Median Income Maryland | New Jersey | Hawaii | Massachusetts | Connecticut | California
85%
Connecticut 6 Shortest Ocean Coastline (NOAA) New Hampshire | Delaware | Mississippi | Rhode Island | Alabama
85%
Connecticut 8 Fewest Traffic Deaths Per Capita New York | Massachusetts | Minnesota | New Jersey | Hawaii | New Hampshire | Washington
85%
Rhode Island 9 Fewest Traffic Fatalities Per Capita New York | Massachusetts | Minnesota | New Jersey | Hawaii | Washington | New Hampshire | Connecticut
85%
Washington 6 Lowest % Religious New York | Oregon | Alaska | Connecticut | Montana
85%
Ohio 9 Highest % German Wisconsin | North Dakota | South Dakota | Iowa | Nebraska | Minnesota | Montana | Kansas
85%
New York 2 Most Olympic Games Hosted California
84%
New York 5 Highest % Italian Connecticut | Rhode Island | New Jersey | Massachusetts
84%
Indiana 4 Most Populous City Starting With a Vowel Georgia | Florida | Texas
84%
Vermont 4 Highest % Forested Maine | New Hampshire | West Virginia
84%
Wisconsin 5 Most Lighthouses Michigan | Massachusetts | Maine | New York
84%
Wisconsin 4 Closest to the Hudson Bay Michigan | Minnesota | New York
84%
Oklahoma 3 Most Executions Texas | Virginia
84%
Texas 8 Highest % Religious Alabama | Louisiana | Mississippi | Tennessee | Arkansas | Georgia | Oklahoma
83%
West Virginia 6 Highest % Religious Alabama | Louisiana | Mississippi | Tennessee | Oklahoma
83%
Texas 2 Largest Area Alaska
83%
Alabama 8 Highest Gun Ownership Rate Alaska | Arkansas | Idaho | West Virginia | Wyoming | Montana | New Mexico
83%
Massachusetts 6 Most Populous Capital City Arizona | Texas | Indiana | Ohio | Colorado
83%
Iowa 9 Smallest Span Between Highest and Lowest Points Florida | Delaware | Louisiana | Mississippi | Rhode Island | Indiana | Illinois | Ohio
83%
Massachusetts 2 Easternmost State Capital Maine
83%
Georgia 3 Highest % African-American Mississippi | Louisiana
83%
Alabama 5 Highest % African-American Mississippi | Louisiana | Georgia | Maryland
83%
Iowa 7 Highest % Obese Mississippi | West Virginia | Arkansas | Louisiana | Kentucky | Alabama
83%
Alaska 4 Fastest Growing (1960-2019) Nevada | Arizona | Florida
83%
Missouri 6 Least Populous With a NFL Team Nevada | Louisiana | Minnesota | Colorado | Wisconsin
83%
Maine 4 Highest Personal Income Tax New York | Hawaii | Vermont
83%
Missouri 7 Most Horses Texas | California | Florida | Oklahoma | Kentucky | Ohio
83%
California 2 Highest Maximum Elevation Alaska
82%
Montana 2 Longest Land Border With Canada Alaska
82%
Wyoming 7 Highest % Born out of State Nevada | Florida | Arizona | New Hampshire | Alaska | Colorado
82%
Florida 2 Longest Ocean Coastline Alaska
81%
New Mexico 7 Highest Gun Ownership Rate Alaska | Arkansas | Idaho | West Virginia | Wyoming | Montana
81%
Utah 3 Most National Parks California | Alaska
81%
Indiana 6 Smallest Span Between Highest and Lowest Points Florida | Delaware | Louisiana | Mississippi | Rhode Island
81%
New Mexico 5 Shortest International Border Idaho | New Hampshire | Vermont | California
81%
North Dakota 8 Highest % Obese Mississippi | West Virginia | Arkansas | Louisiana | Kentucky | Alabama | Iowa
81%
Utah 5 Fastest Growing (1960-2019) Nevada | Arizona | Florida | Alaska
81%
New Mexico 5 Least Precipitation Nevada | Utah | Wyoming | Arizona
81%
Indiana 5 Least Happy New York | Connecticut | New Jersey | Michigan
81%
Connecticut 3 Smallest by Area Rhode Island | Delaware
81%
Connecticut 5 Highest % Catholic Rhode Island | Massachusetts | New Jersey | New Mexico
81%
Utah 8 Most Populous Without an NFL Team Virginia | South Carolina | Alabama | Kentucky | Oregon | Oklahoma | Connecticut
81%
Colorado 5 Highest % of Residents Born out of State Washington | Oregon | Delaware | Wyoming
81%
Ohio 9 Lowest Life Expectancy West Virginia | Mississippi | Alabama | Kentucky | Arkansas | Tennessee | Oklahoma | Louisiana
81%
South Dakota 3 Highest % Native American Alaska | New Mexico
80%
Texas 2 Largest Population California
80%
New York 2 Highest % Puerto Rican Florida
80%
New York 3 Largest Island Hawaii | Alaska
80%
New York 4 Highest % Asian Hawaii | California | New Jersey
80%
New York 4 Most Lighthouses Michigan | Massachusetts | Maine
80%
Texas 2 Highest % Hispanic New Mexico
80%
Texas 8 Most Prisoners Per Capita Oklahoma | Louisiana | Mississippi | Georgia | Alabama | Arkansas | Arizona
80%
New York 5 Largest Amish Population Pennsylvania | Ohio | Indiana | Wisconsin
80%
Massachusetts 3 Most Signers of the Declaration of Independence Pennsylvania | Virginia
80%
New York 3 Most Populous in the Year 1800 Virginia | Pennsylvania
80%
Oklahoma 5 Most Religious Alabama | Louisiana | Mississippi | Tennessee
79%
Oklahoma 4(t) Most Species of Venomous Snakes Arizona | Texas | Alabama | California(t) | New Mexico(t) | Georgia(t)
79%
Oklahoma 9 Lowest Point (Out of Landlocked States Arkansas | Arizona | Vermont | Tennessee | Missouri | West Virginia | Kentucky | Illinois
79%
California 4 Lowest Obesity Rate Colorado | Massachusetts | Hawaii
79%
Illinois 2 Highest Corn Production Iowa
79%
Illinois 5 Most Area East of the Mississippi River Michigan | Florida | Wisconsin | Georgia
79%
Vermont 3 Highest Tax Burden New York | Hawaii
79%
Nevada 7 Lowest % Forested North Dakota | Nebraska | South Dakota | Kansas | Iowa | Illinois
79%
Alaska 2 Most Mountains Over 14,000 Feet Colorado
78%
Alabama 7 Highest % of Workforce in Manufacturing Indiana | Michigan | Wisconsin | Iowa | Ohio | Arkansas
78%
Connecticut 6(t) Oldest Median Age Maine | Vermont | New Hampshire | West Virginia | Florida | Delaware(t)
78%
Connecticut 5 Richest by Median Income Maryland | New Jersey | Hawaii | Massachusetts
78%
Connecticut 5 Highest % With a College Degree Massachusetts | Colorado | New Jersey | Maryland
78%
Connecticut 4 Highest Population Density New Jersey | Rhode Island | Massachusetts
78%
Connecticut 6 Highest Tax Burden New York | Hawaii | Vermont | Maine | Minnesota
78%
Iowa 9 Most Counties Texas | Georgia | Virginia | Kentucky | Missouri | Kansas | Illinois | North Carolina
78%
Connecticut 6(t) Least Religious Vermont | New Hampshire | Maine | Massachusetts | Washington | Montana(t)
78%
Maine 4 Lowest % Religious Vermont | New Hampshire | Massachusetts
78%
Alaska 3 Smallest Population Wyoming | Vermont
78%
South Dakota 5 Most Workplace Deaths Per Capita Alaska | North Dakota | Wyoming | West Virginia
77%
Ohio 3 Most Populous State Capital (City Proper) Arizona | Texas
77%
New Mexico 4(t) Most Venomous Snake Species Arizona | Texas | Alabama | California(t) | Georgia(t) | Oklahoma(t)
77%
Hawaii 2 Most Unsheltered Homeless People Per Capita California
77%
Oregon 3 Westernmost State Capital Hawaii | Alaska
77%
Oregon 8 Fewest Counties West of the Mississippi River Hawaii | Arizona | Nevada | Wyoming | Alaska | Utah | New Mexico
77%
Ohio 5 Highest % Employed in Manufacturing Indiana | Michigan | Wisconsin | Iowa
77%
Hawaii 2 Highest Population Living on Islands New York
77%
Wyoming 8 Lowest % Forested North Dakota | Nebraska | South Dakota | Kansas | Iowa | Illinois | Nevada
77%
North Dakota 4 Youngest Median Age Utah | Texas | Alaska
77%
Oregon 8 Lowest % Religious Vermont | New Hampshire | Maine | Massachusetts | Washington | Connecticut | Montana
77%
New Jersey 4 Lowest Gun Ownership Rate Delaware | Rhode Island | New York
76%
California 2 Most Golf Courses Florida
75%
California 2 Busiest Airport Georgia
75%
Missouri 4 Longest Portion of Route 66 New Mexico | Oklahoma | Arizona
75%
Oklahoma 4 Highest % Native American Alaska | New Mexico | South Dakota
74%
Alabama 3 Most Venomous Snake Species Arizona | Texas
74%
Oklahoma 5 Newest by Date of Admission Hawaii | Alaska | Arizona | New Mexico
74%
Alabama 4 Most Endangered Species Hawaii | California | Florida
74%
New Hampshire 2 Shortest Canadian Border Idaho
74%
Maine 2 Highest % French-Speaking County or County Equivalent Louisiana
74%
West Virginia 3 Closest to Washington D.C. Maryland | Virginia
74%
New Hampshire 4 Highest % Born Out of State Nevada | Florida | Arizona
74%
Oregon 6 Closest to Canada Without Bordering Ohio | Pennsylvania | Wisconsin | Indiana | West Virginia
74%
Oklahoma 3 Most Tornadoes Texas | Kansas
74%
Oklahoma 6 Most Populous Without a NFL Team Virginia | South Carolina | Alabama | Kentucky | Oregon
74%
Vermont 2 Lowest Population Wyoming
74%
Massachusetts 5 Lowest % Area Being Ranch or Farmland Alaska | Maine | New Hampshire | Nevada
73%
New Mexico 3 Lowest % White Hawaii | California
73%
Massachusetts 4 Longest Average Commute Time Maryland | New York | New Jersey
73%
Wyoming 3 Least Precipitation Nevada | Utah
73%
Massachusetts 3 Highest Population Density New Jersey | Rhode Island
73%
Texas 5 Highest Crude Oil Production Per Capita North Dakota | Alaska | Wyoming | New Mexico
73%
South Dakota 4 Largest Non-Great Lakes Lake Utah | Minnesota | Alaska
73%
Wyoming 4 Northernmost Without Bordering Canada Wisconsin | Oregon | South Dakota
73%
Maryland 3 Highest Median Rent Hawaii | California
72%
Iowa 6 Highest % White Maine | Vermont | West Virginia | New Hampshire | Montana
72%
Alaska 5 Lowest % of Residents Born in State Nevada | Florida | Arizona | New Hampshire
72%
Alaska 3 Most Oil Production Texas | North Dakota
72%
New York 3 Birthplace of the Most Presidents Virginia | Ohio
72%
Oregon 4 Largest Unsheltered Homeless Population California | Florida | Texas
71%
New Jersey 3 Least % Obese Colorado | Hawaii
71%
Colorado 2 Most Educated (% with a College Degree Massachusetts
71%
Utah 2 Least Precipitation Nevada
71%
Illinois 6 Least % Forested North Dakota | Nebraska | South Dakota | Kansas | Iowa
71%
Indiana 3 Smallest Landlocked State by Area Vermont | West Virginia
71%
Texas 2 Longest International Border Alaska
70%
Alabama 5 Highest % Forested Maine | New Hampshire | West Virginia | Vermont
70%
Maine 3 Most Lighthouses Michigan | Massachusetts
70%
Massachusetts 3 Oldest State Capital by First Date of European Settlement New Mexico | New York
70%
South Dakota 3 Lowest % Forested North Dakota | Nebraska
70%
North Carolina 2 Most Horizontal Shape(Length/Height) Tennessee
70%
South Dakota 3 Highest % German Wisconsin | North Dakota
70%
Idaho 3 Highest Gun Ownership Rate Alaska | Arkansas
68%
Wisconsin 5 Closest State Capital to the Mississippi River Louisiana | Minnesota | Mississippi | Illinois
68%
New Jersey 3 Longest Average Commute New York | Maryland
68%
California 2 Most Horses Texas
68%
Missouri 5 Lowest Elevation Out of Landlocked States Arkansas | Arizona | Vermont | Tennessee
67%
New Hampshire 2 Highest % Forested Maine
67%
Rhode Island 2 Highest Population Density New Jersey
67%
Hawaii 5 Lowest Income Inequality Utah | Alaska | New Hampshire | Wyoming
65%
Ohio 5 Slowest Growing (1960-2019) West Virginia | Pennsylvania | Iowa | New York
65%
California 3 Lowest % Trump Voters in 2016 Hawaii | Vermont
64%
Maryland 2 Longest Average Commute New York
64%
Montana 2 Most Common as a Last Name in the U.S. Washington
64%
Kansas 4 Least % Forested North Dakota | Nebraska | South Dakota
63%
Arizona 2 Most Populous State Capital Georgia
62%
California 2 Most 7.0 Earthquakes Since 1900 Alaska
61%
Iowa 7 Highest % Born in State Louisiana | Michigan | Ohio | Mississippi | Pennsylvania | Wisconsin
61%
West Virginia 3 Closest to the Atlantic Ocean Without a Coastline Pennsylvania | Vermont
61%
South Carolina 3 Most Traffic Fatalities Per Capita Mississippi | Wyoming
59%
Wisconsin 2 Largest City With a Coast on the Great Lakes (City Proper) Illinois
58%
Missouri 2 Earliest Date of Admission West of the Mississippi River Louisiana
58%
Vermont 2 Highest % White Maine
58%
Florida 5 Oldest Median Age Maine | Vermont | New Hampshire | West Virginia
58%
Hawaii 3 Highest Median Household Income Maryland | New Jersey
58%
Oklahoma 6 Youngest by Median Age Utah | Texas | Alaska | North Dakota | California
58%
West Virginia 4 Highest Gun Ownership Rate Alaska | Arkansas | Idaho
57%
Texas 2 Most Venomous Snake Species Arizona
57%
Illinois 2 Shortest Great Lakes Coastline Indiana
57%
Alaska 3 Fewest Cows Delaware | Rhode Island
56%
New Jersey 3 Highest % With a College Degree Massachusetts | Colorado
56%
Iowa 4 Westernmost State With No National Parks Nebraska | Oklahoma | Kansas
56%
Alaska 2 Highest % of Land Owned by the Federal Government Nevada
56%
Iowa 5 Least % Forested North Dakota | Nebraska | South Dakota | Kansas
56%
Montana 2 Northernmost Point in the Continental U.S. Minnesota
55%
Montana 3 Lowest % Asian-American Wyoming | West Virginia
55%
New Mexico 2 Highest % Native American Alaska
54%
Illinois 3 Lowest Net Migration California | New York
54%
New Jersey 2 Highest % Born Outside the U.S. California
53%
North Carolina 2 Latest Date of Admission of the 13 Colonies Rhode Island
52%
Oregon 2 Costal State That Reaches Farthest Inland Texas
52%
Iowa 5 Earliest Date of Admission West of the Mississippi River Louisiana | Missouri | Arkansas | Texas
50%
Alaska 2 Most Gold Mined Nevada
50%
Alaska 5 Least Populous Capital City Vermont | South Dakota | Maine | Kentucky
50%
North Dakota 2 Highest % German Wisconsin
50%
Iowa 4 Highest % German Wisconsin | North Dakota | South Dakota
50%
West Virginia 3 Highest % White Maine | Vermont
48%
Vermont 3 Lowest Minimum Landlocked Elevation Arkansas | Arizona
47%
Wisconsin 3 Closest in the 2020 Presidential Election Georgia | Arizona
47%
Wisconsin 3 Highest % Employed in Manufacturing Indiana | Michigan
47%
Wisconsin 6 Highest % Born in State Louisiana | Michigan | Ohio | Mississippi | Pennsylvania
47%
Texas 3 Youngest Median Age Utah | Alaska
47%
Florida 2 Lowest Average Elevation Delaware
45%
Florida 3 Last Capital City Alphabetically Kansas | New Jersey
45%
Montana 3 Miles of Road Per Capita North Dakota | South Dakota
45%
Wyoming 3 Least Populous Largest City Vermont | West Virginia
45%
Alaska 3 Most Murders Per Capita Louisiana | Mississippi
44%
West Virginia 3 Highest % Forested Maine | New Hampshire
43%
North Dakota 2 Most Workplace Deaths Per Capita Alaska
42%
Kansas 2 Longest Section of I-70 Colorado
42%
New Jersey 2 Richest by Median Income Maryland
41%
Massachusetts 2 Most Populous City Named Springfield Missouri
40%
Indiana 4 Smallest National Park by Area Missouri | Arkansas | West Virginia
39%
Rhode Island 2 Lowest Gun Ownership Rate Delaware
37%
Wisconsin 3 Closest to Canada Without Bordering Ohio | Pennsylvania
37%
Montana 5 Highest Alcohol Consumption Per Capita New Hampshire | Delaware | Nevada | North Dakota
36%
West Virginia 4 Most Workplace Deaths Per Capita Alaska | North Dakota | Wyoming
35%
West Virginia 2 Smallest Landlocked State by Area Vermont
35%
Iowa 4 Highest % Manufacturing Employment Indiana | Michigan | Wisconsin
33%
West Virginia 4 Oldest Median Age Maine | Vermont | New Hampshire
30%
Massachusetts 2 Most Lighthouses Michigan
30%
Hawaii 2 Lowest Obesity Rate (CDC, 2018) Colorado
29%
Indiana 3 Most Recently Created National Park West Virginia | New Mexico
29%
Massachusetts 2 Lowest Obesity Rate Colorado
27%
Ohio 3 Highest % of Residents Born in State Louisiana | Michigan
27%
Iowa 2 Closest to the Great Lakes Without Bordering the Great Lakes West Virginia
22%
Alaska 2 Youngest Median Age Utah
17%
West Virginia 2 Most Coal Production Wyoming
17%
Oregon 2 Fewest Tornadoes Per Square Mile Nevada
16%
Wisconsin 2 Last Admitted to the Union East of the Mississippi River West Virginia
11%
Utah 2 Lowest % Catholic Mississippi
10%
No matching quizzes found
Score Distribution
Percent of People with Each Score
Percentile by Number Answered
Your Score History
You have not taken this quiz